| 000 | 012900000a22001690004500 | ||
|---|---|---|---|
| 001 | 13692 | ||
| 041 | 0 | _aSPA | |
| 082 | 0 | 4 | _aG 303.69 P9534p |
| 245 | 1 | 0 | _aPrimer Congreso Nacional Universitario por la Paz : Bogotá, mayo 1999 / Asociación Colombiana de Universidades; Instituto Colombiano para el Fomento de la Educación Superior |
| 260 | _aBogotá : ICFES | ||
| 300 | _apag. var. | ||
| 505 | 0 | 0 | _aTOMO I: - La educación para la paz - Violencia civil en Chiapas - Apuntes sobre la solución de conflictos en África - Desplazamiento forzado y conflicto social en Colombia - Construcción de la vida desde la guerra: realidad colombiana - Democracia, Economía y Paz - Diálogos ¿sobre cuál desarrollo? - La reforma agraria en las agendas para la búsqueda de soluciones al conflicto armado - Impacto económico positivo del narcotráfico en el sector agropecuario TOMO II: - Globalización y soberanía - Derechos humanos-Derecho humanitario - Hacia una pedagogía de la convivencia - Violencia contra la mujer - Lugar de la familia en la sociedad - La enseñanza de la bioética en la construcción de una ética civil - Universidad, política y paz |
| 942 | _cBK | ||
| 999 |
_c42647 _d42647 |
||
| 336 |
_atexto _btxt _2rdacontent |
||
| 337 |
_2rdamedia _asin mediación _bn |
||
| 338 |
_2rdacarrier _avolumen _bnc |
||